=LDR 00000nam 2200000 4500 =001 INLIS000000000018119 =005 20130612113312 =008 ***********************************Ind** =035 ##$$0010-061300000018119 =041 ##$$a Ind =082 ##$$a 616.07 =090 ##$$a 616.07, Ada d =100 ##$$a Adam, Syamsunir =245 ##$$a Dasar-dasar patologi, oleh Syamsunir Adam ; editor, Yasmin Asih =260 ##$$a 1993 $b Jakarta =300 ##$$a viii, 88 hlm, 21 cm =650 ##$$a Patologi =850 ##$$a NBPNMAT